000 00440nam a2200157 i 4500
001 86566
003 ES-MaACL
005 20230906175457.0
007 t|
008 041213s1914 fr ||||1| fre d
100 1 _aKhorat, Pierre.
_967995
245 1 0 _aScenes de la pacification marocaine /
_cPierre Khorat.
260 _a[S.l. :
_bs.n.,
_c1914] (
_eEvreux :
_fCh. Herissey)
300 _aIV, 303 p. ;
_c19 cm.
852 _aES-MaACL
_jF-9055
999 _c86566
_d86566